00993nam a22002535a 4500008004100000020001500041020001800056040002800074082001900102100003400121245004300155260007100198300002800269500002400297590004100321650003200362651001000394653001100404655002400415942002300439999001500462952013100477952013100608150823r20081999xxua fr 001 0 eng d a8186308636 a9788186308639 aEG-ScBUEbengcEG-ScBUE04a669.9bSIN2221 aSingh,Vijendra. 10aPhysical metallurgy /cVijendra Singh. aNew Delhi :bA.K.Jain for Standard Publishers Distributors,c2005. a808 p. :bill ;c25 cm. aIndex : p. 795-808. aMohamed Hussein Reviewed by : Wessam aPhysical metallurgy.2BUEsh 2BUEsh bENGMEC vreading book934232 cBBk669.9 SIN2ddc c2862d2862 00102ddc40708AlahramaMAINbMAINc1STd2015-09-14epurchaseg105.00h359l0o669.9 SINp000001340r2025-07-15 00:00:00yBB 00102ddc40708AlahramaMAINbMAINc1STd2015-09-15epurchaseg105.00h359l0o669.9 SINp000016666r2025-07-15 00:00:00yBB